[Event "2022 PHCC Championships   "]
[Site "Port Huron"]
[Date "2022.03.03"]
[Round "5"]
[White "Klaty, Braeden"]
[Black "Klaty, Brad"]
[Result "1-0"]
[WhiteElo "1719"]
[BlackElo "1222"]
[Annotator "alan1"]
[PlyCount "109"]
[EventDate "2022.03.03"]
[EventType "tourn"]
[EventRounds "9"]

{[%evp 0,83,27,24,24,24,17,14,27,30,18,12,31,-20,29,22,64,0,0,38,-4,-81,11,52,
52,52,86,66,147,128,101,105,105,-108,18,-5,3,-12,-8,-14,108,117,139,141,145,
107,140,139,192,202,231,221,236,182,183,187,251,140,153,139,147,17,23,62,78,36,
26,12,56,46,140,54,80,83,90,83,145,135,133,133,155,132,124,140,285,290]} 1. e4
e5 2. Nf3 Nc6 3. Bb5 Bd6 4. d4 ({Relevant:} 4. c3 Qf6 5. d4 h6 6. O-O Nge7 7.
Re1 Ng6 8. Na3 Bxa3 9. bxa3 O-O 10. Bc4 d6 11. Be3 Bg4 12. h3 Bxf3 13. Qxf3
Qxf3 14. gxf3 Nh4 15. Be2 f5 16. Reb1 b6 17. Bc4+ Kh7 18. Bd5 Ne7 19. Bxa8 Rxa8
20. dxe5 Nxf3+ 21. Kg2 Nxe5 22. exf5 Nxf5 23. Bd4 Ng6 24. Re1 Rf8 25. Kh2 Ngh4
26. Re6 Nf3+ 27. Kg2 N3xd4 28. cxd4 Nxd4 29. Re7 Rc8 30. Rae1 Nf5 31. Rd7 c5
32. Rxa7 c4 33. Kf3 Nd4+ {Riff,J (2503)-Biliy,V (2331) Chess.com INT 2018 1-0})
4... exd4 5. Nxd4 a6 6. Ba4 {[#]} Qh4 $146 ({Predecessor:} 6... Nf6 7. Nxc6
bxc6 8. Qe2 O-O 9. O-O Re8 10. Nc3 Be5 11. Bd2 Qe7 12. Rfe1 Bb7 13. f4 Qc5+ 14.
Be3 Bd4 15. Bxd4 Qxd4+ 16. Kh1 d5 17. e5 Nd7 18. Qf3 Nc5 19. Rad1 Qc4 20. Bb3
Qb4 21. Rd2 Rad8 22. a3 Qb6 23. f5 Bc8 24. f6 Ne6 25. Qg3 g6 26. Qh4 Nf8 27.
Qh6 Bf5 28. Qg7# {1-0 (28) Spasovski,D (1111)-Kappler,R Ditzingen 2013}) 7. Nc3
Bb4 8. Qd3 Ne5 9. Qe3 Nf6 10. Nf5 Bxc3+ (10... Qxe4 11. Nxg7+ Kf8 12. Qxe4 Nxe4
13. Bh6 Nxc3 14. Nh5+ Ke7 15. a3 Nxa4+ 16. axb4 Nxb2 17. Bg7 Re8 18. O-O {
Black is better}) 11. bxc3 Qxe4 12. Nxg7+ Kd8 13. Qxe4 Nxe4 14. f3 Rg8 15. Bh6
Nf6 16. Kf2 (16. Bg5) 16... d6 $2 (16... Nfg4+ 17. fxg4 Nxg4+ 18. Ke1 Nxh6 {
Black is much better.}) 17. Bg5 Ke7 18. Bxf6+ Kxf6 19. Ne8+ Ke7 (19... Rxe8 20.
Bxe8 c6 21. Rab1 Be6 22. Bxf7 Nxf7 23. Rxb7) 20. Nxc7 Ra7 21. Nd5+ Kf8 22. Nf6
Rg7 23. Rhd1 Nc4 24. Bb3 b5 25. Bxc4 bxc4 26. Ne4 Bf5 27. Rxd6 Ke7 28. Rc6 Bxe4
29. fxe4 Rd7 30. Rxc4 Rd2+ 31. Ke3 Rxc2 (31... Rgxg2 {...equal.}) 32. Rc6 Rgxg2
33. Rxa6 Rxh2 34. Ra7+ Kf8 35. Rc7 Rh3+ (35... Rxa2 36. Rf1 Rae2+ 37. Kd4 Ref2)
36. Kd4 Rd2+ 37. Ke5 Rd8 38. Rf1 Re8+ 39. Kd4 Re7 40. Rxe7 Kxe7 41. a4 Ke6 42.
a5 Rh2 43. Ra1 Rb2 44. a6 Rb8 45. a7 Ra8 46. Kc5 Kd7 47. Kb6 Kc8 48. Rh1 Kd7
49. Kb7 Rc8 50. a8=Q Rc7+ 51. Kb6 Rc8 52. Qxc8+ Kd6 53. Rxh7 Ke5 54. Rxf7 Kxe4
55. Qe6+ 1-0

[Event "2022 PHCC Championships"]
[Site "Port Huron"]
[Date "2022.03.10"]
[Round "7"]
[White "Rood, Eric"]
[Black "Avdic, Huso"]
[Result "0-1"]
[WhiteElo "1883"]
[BlackElo "2092"]
[Annotator "alan1"]
[PlyCount "58"]
[EventDate "2022.03.10"]
[EventType "tourn"]
[EventRounds "9"]

{[%evp 0,58,28,35,33,15,45,32,40,5,3,-42,-13,-28,-28,-13,15,-10,-15,-74,-48,
-196,-198,-196,-197,-360,-193,-193,-185,-167,-178,-201,-154,-165,-161,-162,
-128,-184,-180,-241,-158,-160,-160,-202,-207,-199,-205,-207,-210,-224,-225,
-207,-214,-210,-189,-419,-435,-29997,-29998,-29999,-30000]} 1. d4 Nf6 2. Bf4 g6
3. Nc3 d5 4. Nb5 ({Relevant:} 4. e3 Bg7 5. Nb5 Na6 6. Nf3 O-O 7. h3 Ne4 8. c3
c6 9. Na3 Qa5 10. Be2 Bf5 11. Qb3 Qb6 12. O-O Rfd8 13. Rfd1 Rac8 14. Nh4 Be6
15. Nf3 Bf5 16. Rac1 Nc7 17. c4 Qxb3 18. axb3 c5 19. Bxc7 Rxc7 20. cxd5 Rxd5
21. b4 b6 22. bxc5 bxc5 23. b4 c4 24. Bxc4 Rdd7 25. g4 Be6 26. Bxe6 fxe6 27.
Nc4 Rb7 28. Na5 Rb8 29. Nc6 Rb6 30. Nd2 Nd6 31. Nb3 Ne4 32. Nc5 Nxc5 33. Rxc5
a6 {Niemann,H (2642)-Dubov,D (2720) Chess.com INT 2022 1-0 (61)}) 4... Na6 5.
c4 Bg7 6. e3 O-O 7. Nf3 c5 8. Nc3 Bg4 {[#]} 9. cxd5 $146 ({Predecessor:} 9. Be5
Qa5 10. cxd5 Nxd5 11. Bxg7 Nxc3 12. Qd2 Kxg7 13. Qxc3 Qxc3+ 14. bxc3 Bxf3 15.
gxf3 Nc7 16. Rb1 Rab8 17. f4 b6 18. Rb3 cxd4 19. cxd4 Rfc8 20. Kd2 b5 21. Bg2
Ne8 22. Be4 Nd6 23. Bd3 b4 24. Rhb1 a5 25. f3 Nb5 26. Bxb5 Rxb5 27. a3 Rh5 28.
axb4 Rxh2+ 29. Kd3 axb4 30. Rxb4 Rf2 31. Rb7 Re8 32. Rh1 Rxf3 33. Ke2 Rg3 34.
Kf2 Rg4 35. Kf3 h5 36. Rc1 Rh4 37. Kg3 Rg4+ 38. Kf3 f5 {Jones,I (2190)-Nachbar,
B (2188) Rhodes 2013 1/2-1/2}) 9... Nxd5 10. Bxa6 (10. Nxd5 Qxd5 11. Be2) 10...
Nxf4 11. exf4 cxd4 12. O-O bxa6 13. Ne4 Qd5 14. Qd3 Rfd8 15. Nfd2 Bd7 16. Rfc1
Bb5 17. Qb3 d3 18. Rab1 Qxb3 19. Nxb3 f5 20. Ned2 Rac8 21. Nc5 Rd5 22. b4 Bd4
23. Ncb3 Rc2 24. Rxc2 dxc2 25. Rc1 Bd3 26. Nxd4 Rxd4 27. a3 Be4 28. Nb3 Rd1+
29. Rxd1 cxd1=Q# 0-1

[Event "2022 PHCC Championships"]
[Site "Port Huron"]
[Date "2022.03.10"]
[Round "7"]
[White "Klaty, Braeden"]
[Black "Wingrove, William"]
[Result "1-0"]
[WhiteElo "1719"]
[BlackElo "1534"]
[Annotator "Owner"]
[PlyCount "51"]
[EventDate "2022.03.10"]
[EventType "tourn"]
[EventRounds "9"]

{[%evp 0,51,33,25,51,51,90,13,23,22,21,21,26,3,3,-12,-16,-12,9,3,19,-25,32,0,
-2,3,61,-12,34,7,289,289,289,287,341,299,294,275,282,254,247,252,257,267,272,
269,303,269,268,241,241,213,213,235]} 1. e4 c5 2. Nc3 d6 3. g3 Nf6 4. Bg2 Nc6
5. d3 g6 6. f4 Bg7 7. Nf3 O-O 8. O-O a6 9. Be3 ({Relevant:} 9. h3 Rb8 10. g4 b5
11. Ne2 b4 12. Ng3 a5 13. Rb1 Ba6 14. g5 Nd7 15. b3 Nd4 16. Nxd4 Bxd4+ 17. Kh2
e6 18. h4 f5 19. Bb2 Bxb2 20. Rxb2 fxe4 21. Nxe4 d5 22. Ng3 Qc7 23. Qg4 Rbe8
24. Rbb1 Nb8 25. Rbe1 Bc8 26. h5 Nc6 27. Qh4 Nd4 28. Rf2 a4 29. bxa4 Bd7 30.
hxg6 hxg6 31. Bh3 Bxa4 32. Kg2 Qh7 33. Qxh7+ Kxh7 34. Rc1 Kg7 35. c3 bxc3 36.
Rxc3 Rc8 37. Ra3 Ra8 38. Rc3 Rac8 {Bersamina,P (2461)-Zeng,C (2597) Chess.com
INT 2021 1/2-1/2 (70)}) 9... Qc7 10. Nh4 e6 11. f5 exf5 12. exf5 {[#]} Ne5 $146
({Predecessor:} 12... b5 13. Nd5 Nxd5 14. Bxd5 gxf5 15. Qh5 Be6 16. Nxf5 Kh8
17. Nxg7 Bxd5 18. Qxd5 Nb4 19. Qf3 Nxc2 20. Bh6 Qd8 21. Nh5 f5 22. Bg7+ Kg8 23.
Qd5+ Rf7 24. Rxf5 Raa7 25. Rxf7 Rxf7 26. Rf1 {1-0 (26) Sinelnikov,I (2227)
-Florjancic,R (2011) Rogaska Slatina 2009}) 13. Nd5 Nxd5 14. Bxd5 Kh8 $4 (14...
Bd7 15. f6 Bh8) 15. f6 Bxf6 16. Rxf6 Ng4 17. Rf3 Qe7 18. Bd2 Be6 19. Bxe6 Qxe6
20. Qe1 Qd5 21. Qe4 Qxe4 22. dxe4 Ne5 23. Bc3 Kg8 24. Bxe5 dxe5 25. Rd3 Rfd8
26. Rad1 1-0

[Event "2022 PHCC Championships"]
[Site "Port Huron"]
[Date "2022.03.10"]
[Round "7"]
[White "Morabito, Matthew"]
[Black "Klaty, Brad"]
[Result "1-0"]
[WhiteElo "1861"]
[BlackElo "1222"]
[Annotator "Owner"]
[PlyCount "87"]
[EventDate "2022.03.10"]
[EventType "tourn"]
[EventRounds "9"]

{[%evp 0,87,33,10,5,8,18,14,60,60,60,48,57,23,37,28,28,28,23,26,30,32,13,-1,45,
8,51,25,72,24,24,26,77,66,62,82,69,73,73,31,49,32,120,49,56,53,95,100,261,265,
280,284,279,278,278,275,275,272,281,283,285,290,288,288,296,293,314,313,312,
314,323,305,323,319,328,330,361,367,366,370,387,385,398,398,410,389,393,404,
1025,1223]} 1. e4 e5 2. Nf3 Nc6 3. Bb5 d6 4. d4 exd4 5. Nxd4 Bd7 6. Nxc6 bxc6
7. Bc4 Nf6 8. Nc3 Be7 9. O-O O-O 10. h3 Rb8 11. Bb3 {[#]} ({Relevant:} 11. Rb1
Be6 12. Bd3 d5 13. e5 Nd7 14. f4 f5 15. Bd2 c5 16. b3 Nb6 17. Kh2 Qd7 18. a4 d4
19. Na2 c4 20. Be2 cxb3 21. cxb3 Nxa4 22. bxa4 Bxa2 23. Rxb8 Rxb8 24. Qc2 Bd5
25. Bc4 Bxc4 26. Qxc4+ Kh8 27. Rc1 c5 28. Qf7 Rf8 29. Qb3 Qc6 30. Qc4 Qb7 31.
Qe6 g6 32. a5 a6 33. Be1 Kg7 34. Bf2 Rf7 35. Qa2 Qe4 36. Rb1 Qxf4+ 37. Bg3 Qe4
38. e6 Rf8 39. Re1 Qc6 40. Be5+ Bf6 {Toma,K (2261)-Atalik,E (2430) Terme Catez
2021 0-1}) 11... a5 $146 ({Predecessor:} 11... c5 12. Qf3 Bc6 13. Nd5 Nxd5 14.
exd5 Bb5 15. c4 Bd7 16. Bd2 Bf6 17. Bc3 Bxc3 18. Qxc3 Re8 19. Rae1 Qg5 20. Bc2
g6 21. Re4 Rxe4 22. Bxe4 Qe5 23. Qxe5 dxe5 24. b3 f5 25. Bc2 Kf7 26. h4 Kf6 27.
Rd1 Rb6 28. g3 a5 29. Kf1 e4 30. Ke2 Ke5 31. f4+ Kf6 32. Ke3 Rd6 33. a3 c6 34.
dxc6 Rxd1 35. Bxd1 Bxc6 36. h5 g5 37. g4 h6 38. fxg5+ Kxg5 39. gxf5 Kxf5 40.
Bc2 Ke5 41. Bd1 {Link,K (1929)-Finster,M (2105) Bayern 2019 0-1}) 12. Bf4 Bc8
13. e5 dxe5 14. Qxd8 Rxd8 15. Bxe5 {15...Ne8 was best here, because it frees
up Black's pieces allowing moves like Ba8 and Nd6.} Rb7 (15... Ne8) 16. a3 c5
17. Rab1 c6 18. Ba4 Bd7 19. Rfd1 Rc8 20. Rd2 Be8 {Probably best here is 20...
Nd5 freeing up the N and forcing some exchanges.} 21. Bxf6 Bxf6 22. Ne4 Be5 $6
{Best here was probably Be7 controlling all of the dark squares and protecting
the c5 pawn. also permitting Black's K to get to f8 and toward the center.} 23.
Re2 Rxb2 (23... f6) 24. Rxb2 Bxb2 25. Nd6 Rd8 26. Rxe8+ Rxe8 27. Nxe8 Bxa3 28.
Nd6 Kf8 29. Nc4 Bb4 30. Kf1 Ke7 31. Ke2 Ke6 32. Bxc6 f5 33. Kd3 Be1 34. f3 g5
35. Ke2 Bc3 36. Kd3 Be1 37. c3 g4 38. hxg4 fxg4 39. fxg4 Bg3 40. Nxa5 Kd6 41.
Bf3 Kc7 42. Nc4 Bh4 43. Ne3 Bf6 44. Nd5+ 1-0

[Event "2022 PHCC Championships"]
[Site "Port Huron"]
[Date "2022.03.17"]
[Round "8"]
[White "Avdic, Huso"]
[Black "Gregg, Alan"]
[Result "1/2-1/2"]
[WhiteElo "2092"]
[BlackElo "1918"]
[Annotator "Owner"]
[PlyCount "86"]
[EventDate "2022.03.17"]
[EventType "tourn"]
[EventRounds "9"]

{[%evp 0,86,11,-11,-14,-5,24,26,23,26,33,30,27,22,29,31,38,48,48,54,57,71,77,
84,89,75,87,87,115,103,135,115,142,119,142,118,121,100,118,126,126,78,66,-115,
84,94,187,92,92,58,72,75,76,76,238,227,208,115,230,104,73,46,119,29,29,14,41,0,
0,0,4,5,4,0,0,0,0,-11,-25,-32,-15,-80,-24,-20,-44,-69,-86,-77,-77]} 1. c4 Nf6
2. Nc3 d6 3. Nf3 e5 4. d4 exd4 5. Nxd4 Be7 6. g3 O-O 7. Bg2 c6 8. O-O Nbd7 ({
Relevant:} 8... a5 9. b3 Na6 10. Bb2 Nc5 11. Qc2 Re8 12. Rad1 Qc7 13. h3 Bf8
14. Rd2 g6 15. Rfd1 Bg7 16. e3 Bd7 17. a3 Rad8 18. Kh2 Ne6 19. Nde2 Bc8 20. Nf4
Ng5 21. e4 h5 22. Nb5 Qb6 23. Rxd6 Ngxe4 24. Bxe4 Nxe4 25. Bxg7 Nxd6 26. Nxd6
Kxg7 27. Qb2+ Kg8 28. Nxe8 Rxe8 29. Rd6 Qc5 30. Nxg6 Kh7 31. Rf6 Be6 32. Nf4
Kg8 33. Rh6 Kf8 34. Ng6+ fxg6 35. Qf6+ {1-0 (35) Spoelman,W (2578)-Plat,V 
(2569) Chess.com INT 2018}) 9. Nf5 Ne5 10. Nxe7+ Qxe7 11. b3 {[#]} Rd8 $146 ({
Predecessor:} 11... Bf5 12. Ba3 Rfd8 13. Qd2 Bg6 14. Rad1 c5 15. h3 a6 16. f4
Nc6 17. f5 Bh5 18. g4 Bxg4 19. hxg4 Nxg4 20. e4 Qh4 21. Rf3 Nge5 22. Rh3 Qxh3
23. Bxh3 Nf3+ 24. Kf2 Nxd2 25. Rxd2 h5 26. Nd5 b5 27. Bb2 Ne5 28. Ne3 bxc4 29.
bxc4 f6 30. Bxe5 fxe5 31. Nd5 Rab8 32. Ne7+ Kf7 33. Nc6 Kf6 34. Nxb8 Rxb8 35.
Rxd6+ Kg5 36. Rg6+ Kf4 37. Rxg7 Rb2+ 38. Kg1 Kxe4 39. f6 Rb1+ 40. Kh2 Rb2+ 41.
Bg2+ {Trisha,K (2180)-Ruperez Benito,A (2338) Chess.com INT 2022 1-0 (73)}) 12.
e4 Bg4 13. f3 Bd7 14. Bb2 Be8 15. Qe2 Qc7 16. Rad1 a6 17. c5 dxc5 18. f4 Ng6
19. e5 Nd5 20. Nxd5 cxd5 21. f5 Nf8 $4 (21... Bb5 $3 22. Qe1 Bxf1 23. Kxf1 Ne7)
22. Bxd5 Bc6 23. Qe4 Bxd5 24. Rxd5 Rxd5 25. Qxd5 Rd8 26. Qe4 b5 27. e6 fxe6 28.
fxe6 Re8 29. Rf7 Re7 30. Be5 {[#]} Qd8 31. Rxg7+ Rxg7 32. Bxg7 Nxe6 (32... Kxg7
33. e7 Qe8 34. Qe5+) 33. Be5 Qd1+ 34. Kf2 Qd2+ 35. Qe2 Qg5 36. h4 Qf5+ 37. Kg2
Kf7 38. Bb8 Nd4 39. Qe3 h5 40. Bf4 Qd5+ (40... Qc2+ 41. Qf2 Qe4+ 42. Kg1) 41.
Kf2 Qf5 42. Kg2 Qc2+ 43. Kh3 Qf5+ (43... Qb1 44. Qc1 Qf5+ 45. Kh2) 1/2-1/2

[Event "2022 PHCC Championships"]
[Site "Port Huron"]
[Date "2022.03.17"]
[Round "8"]
[White "Wingrove, William"]
[Black "Rutkofske, Lonnie"]
[Result "0-1"]
[WhiteElo "1534"]
[BlackElo "1731"]
[Annotator "Owner"]
[PlyCount "58"]
[EventDate "2022.01.13"]
[EventType "tourn"]
[EventRounds "9"]

{[%evp 0,58,23,8,42,44,34,30,28,28,25,26,30,37,42,20,53,10,20,-1,0,-19,-17,-11,
10,0,9,7,32,14,37,26,37,47,33,30,98,59,111,51,60,51,97,85,71,82,110,27,49,27,
73,21,59,-165,-162,-332,-333,-337,-334,-346,-332]} 1. e4 e6 2. d4 d5 3. Nc3 Bb4
4. e5 c5 5. a3 Bxc3+ 6. bxc3 Qc7 7. Bd2 Bd7 ({Relevant:} 7... b6 8. Qg4 f5 9.
Qh5+ Qf7 10. Qf3 Ne7 11. Nh3 O-O 12. Nf4 Ng6 13. Bb5 Nxf4 14. Bxf4 Ba6 15. a4
Bxb5 16. axb5 c4 17. h4 a5 18. h5 Qd7 19. h6 g6 20. Bg5 Qxb5 21. Bf6 Nd7 22.
Bg7 Rf7 23. Kd2 Qc6 24. Rh3 a4 25. Rg3 a3 26. Qd1 a2 27. Qc1 Qb5 28. Ke2 Qa5
29. Qb2 b5 30. Kd2 Nb6 31. Qb4 Qxb4 32. cxb4 Ra4 33. c3 Ra3 34. Kc2 Rfa7 35.
Bf6 Kf7 36. Bd8 Nd7 37. Ba5 {Antipov,M (2589)-Gilevich,A (2403) Chess.com INT
2019 0-1}) 8. a4 Nc6 9. Nf3 Nge7 10. Bd3 h6 11. O-O c4 12. Be2 {[#]} Ng6 $146 (
{Predecessor:} 12... g5 13. h3 O-O-O 14. Nh2 f6 15. exf6 Ng6 16. Bh5 Nf4 17.
Bxf4 Qxf4 18. Qf3 Rdf8 19. Qxf4 gxf4 20. Ng4 Rhg8 21. f7 Rg5 22. Nf6 Rf5 23.
Nxd7 Kxd7 24. Bg4 R5xf7 25. g3 Rg7 26. Kh2 Rg5 27. Rae1 Rf6 28. gxf4 Rg7 29.
Re3 Re7 30. Rfe1 b6 31. f3 h5 32. Bxh5 Rxf4 33. Rg1 e5 34. Rg5 Kc7 35. dxe5 d4
36. cxd4 Rxd4 37. e6 Rd2+ 38. Rg2 Rd5 39. Bg4 Ra5 40. f4 Nd4 41. Re4 Rd5 42. c3
{Khazhipov,T (2029)-Tsiulin,V (2106) Cheliabinsk 2011 1-0}) 13. Re1 Nce7 14.
Qc1 Nf5 15. Qa3 Rc8 16. Reb1 Bc6 17. a5 Kd7 18. Bc1 Rhd8 19. Qa2 Ke8 20. Ba3
Rd7 21. Bc5 Ra8 22. Qa3 Qd8 23. Rb2 Nfe7 24. Nd2 Nc8 25. Qa2 b6 26. axb6 (26.
Bb4 {...equal.}) 26... axb6 27. Qb1 (27. Ba3 {but then 27...Rda7 still wins
the B! (LWR)}) 27... Rxa1 28. Qxa1 bxc5 29. Rb8 Qc7 0-1

[Event "2022 PHCC Championships"]
[Site "Port Huron"]
[Date "2022.03.17"]
[Round "8"]
[White "Malburg, Drew"]
[Black "Morabito, Matthew"]
[Result "1-0"]
[WhiteElo "1387"]
[BlackElo "1861"]
[Annotator "alan1"]
[PlyCount "43"]
[EventDate "2022.03.17"]
[EventType "tourn"]
[EventRounds "9"]

{[%evp 0,43,23,8,51,42,90,51,51,26,29,26,42,17,92,59,48,46,72,45,47,44,52,66,
66,79,62,21,9,29,2,-2,64,16,182,174,262,203,364,114,114,65,65,-40,29989,29990]
} 1. e4 c5 2. Nf3 d6 3. d4 cxd4 4. Nxd4 Nf6 5. Nc3 Nc6 6. Be3 e6 7. f3 Be7 8.
Qd2 Bd7 9. O-O-O a6 10. g4 h6 11. h4 Nxd4 ({Relevant:} 11... b5 12. Nxc6 Bxc6
13. Rg1 Nd7 14. g5 Ne5 15. Qf2 hxg5 16. hxg5 Qc7 17. f4 Nc4 18. Bxc4 bxc4 19.
g6 f6 20. f5 Qb7 21. Rd4 e5 22. Rxc4 Bb5 23. Rb4 d5 24. Bc5 d4 25. Bxe7 Qxe7
26. Nd5 Qc5 27. Rb3 Rc8 28. Rbg3 Bc6 29. Rc3 Qd6 30. Rc4 Rb8 31. Qg2 Rb7 32.
Rh1 Bxd5 33. exd5 Rxh1+ 34. Qxh1 Kd7 35. Qh7 Qf8 36. Rc6 Rxb2 37. Rxa6 Rb1+ 38.
Kxb1 Qb4+ {1/2-1/2 (39) Konyves,A (2171)-Karaoglan,K (2203) Novi Sad 2021}) 12.
Bxd4 b5 {[#]} 13. e5 $146 ({Predecessor:} 13. Rg1 Bc6 14. Re1 Rg8 15. g5 hxg5
16. hxg5 Nd7 17. f4 Qa5 18. a3 O-O-O 19. Qe3 Kb7 20. Na2 Nb8 21. Rg3 Rde8 22.
Bc3 Qb6 23. Qd3 Qc7 24. Nb4 Bd7 25. Bg2 Nc6 26. Rd1 Nxb4 27. Bxb4 Qc4 28. Qxc4
bxc4 29. Bxd6 Bc6 30. Bxe7 Rxe7 31. Rd4 Bb5 32. Bf1 e5 33. fxe5 Rxe5 34. Bxc4
Bxc4 35. Rxc4 Rge8 36. Rf3 R8e7 37. g6 f6 38. Rf4 Rg5 39. Rc3 Rxg6 40. Re3 Rg2
41. Rff3 Rg1+ 42. Kd2 Rd7+ {Moseler,T (1675)-Schilling,H (1187) Hannover 2014
1-0 (76)}) 13... dxe5 14. Bxe5 Bc6 15. Bg2 Qa5 16. f4 Bxg2 (16... Qb6) 17. Qxg2
Rc8 18. Qb7 Rc4 19. Bxf6 Bxf6 20. Qd7+ Kf8 21. Qd6+ Be7 22. Qb8+ 1-0

[Event "2022 PHCC Championships"]
[Site "Port Hurun"]
[Date "2022.04.04"]
[Round "8"]
[White "Klaty, Brad"]
[Black "Rood, Eric"]
[Result "0-1"]
[WhiteElo "1222"]
[BlackElo "1883"]
[PlyCount "71"]
[EventDate "2022.04.04"]
[EventType "tourn"]
[EventRounds "9"]

{[%evp 0,71,23,18,25,37,63,70,82,76,76,82,109,88,69,59,54,17,73,70,64,49,50,52,
46,29,49,35,38,21,45,29,36,38,34,8,3,-95,-33,-25,-14,-41,-24,-26,-14,-19,-3,
-13,5,-24,11,-19,-27,-71,-70,-71,-71,-128,-122,-125,-78,-84,-98,-84,-85,-551,
-161,-151,-129,-326,-121,-303,-248,-222]} 1. e4 d5 2. exd5 Qxd5 3. Nc3 Qd8 4.
d4 Nf6 5. Bf4 c6 6. Nf3 ({Relevant:} 6. Qd2 Bf5 7. O-O-O e6 8. Nf3 Bb4 9. Bd3
Nd5 10. Bxf5 Nxc3 11. Qe3 Nd5 12. Qe4 Nxf4 13. Qxf4 exf5 14. d5 Bd6 15. Rhe1+
Kf8 16. Qxf5 c5 17. Ng5 Qd7 18. Ne6+ Kg8 19. Re4 Na6 20. Nxg7 Qxf5 21. Nxf5 Rd8
22. Rde1 h5 23. c4 Kh7 24. Nxd6 Rxd6 25. Re7 Kg6 26. Rxb7 Nb4 27. Re3 h4 28. a3
Na6 29. Rxa7 Rb8 30. b3 Rdb6 31. Kb2 R8b7 32. Rxb7 Rxb7 33. Kc3 Nc7 34. b4 Na6
35. b5 Nb8 {Duda,J (2739)-Bartholomew,J (2439) Chess.com INT 2018 1-0}) 6...
Bf5 7. Nh4 {[#]} Bg4 $146 ({Predecessor:} 7... Be6 8. Be2 Nbd7 9. O-O g6 10.
Nf3 Nb6 11. Re1 Bg7 12. Bd3 O-O 13. Qe2 Re8 14. a3 Bg4 15. Rad1 Nfd5 16. Nxd5
Qxd5 17. Be4 Qc4 18. h3 Qxe2 19. Rxe2 Be6 20. b3 a5 21. a4 Nd5 22. Bd2 Nb4 23.
c3 Bxb3 24. Rb1 Bc4 25. Ree1 f5 26. Bxf5 gxf5 27. cxb4 axb4 28. Rxb4 b5 29. Ne5
Bxe5 30. Rxe5 Rxa4 31. Rxf5 Ra2 32. Bh6 Ra1+ 33. Kh2 Rd1 34. Be3 Rf8 35. Rg5+
Kf7 36. Rh5 Kg8 37. Re5 {Handke,F (2529)-Milanovic,D (2455) Germany 2019 1/2-1/
2}) 8. f3 Bh5 9. g4 Bg6 10. Nxg6 hxg6 11. Qd3 e6 12. O-O-O Nbd7 13. h3 Be7 14.
Bg2 Qa5 15. Bd2 Qc7 16. f4 O-O-O 17. Be3 Nb6 18. Qf1 Nfd5 19. Nxd5 Nxd5 20. Bd2
Bd6 21. Bxd5 exd5 22. Qf3 f6 23. Rde1 a5 24. f5 g5 25. Re3 Bf4 26. Rb3 Bxd2+
27. Kxd2 Rde8 28. a4 Re4 29. Rd3 Rhe8 30. Rd1 Qb6 31. Kc1 Qb4 32. Qf2 Qxa4 33.
Ra3 Qb5 34. Rdd3 Qa6 35. Kd2 Qb6 36. Rab3 0-1

[Event "2022 PHCC Championships "]
[Site "Port Sanilac"]
[Date "2022.03.19"]
[Round "2"]
[White "Klaty, Trenton"]
[Black "Klaty, Brad"]
[Result "1/2-1/2"]
[WhiteElo "1171"]
[BlackElo "1222"]
[PlyCount "36"]
[EventDate "2022.03.19"]
[EventType "tourn"]
[EventRounds "9"]

{[%evp 0,36,30,27,27,27,27,27,31,27,50,26,88,48,79,74,67,67,73,57,52,20,14,-53,
51,25,74,79,97,0,42,24,59,4,-2,-14,68,-2,4]} 1. d4 d5 2. Nc3 e6 3. Bf4 a6 ({
Relevant:} 3... Bb4 4. Qd3 Nf6 5. a3 Bd6 6. Bxd6 Qxd6 7. e4 Qc6 8. e5 Ne4 9.
Nd1 h6 10. f3 Ng5 11. h4 Nh7 12. f4 b6 13. Qg3 g6 14. h5 g5 15. Bd3 gxf4 16.
Qg7 Rf8 17. Qxh7 Ba6 18. Ne2 Bxd3 19. Qxd3 Nd7 20. Nxf4 O-O-O 21. Ne3 Rg8 22.
O-O-O Rg3 23. Ne2 Rg7 24. g4 f6 25. exf6 Nxf6 26. Nc3 Rdg8 27. Rhf1 Nxg4 28.
Nxg4 Rxg4 29. Qe2 Rg2 30. Rf2 Rxf2 31. Qxf2 Rg5 32. Qf8+ Kb7 33. Qxh6 {Niemann,
H (2642)-Kravtsiv,M (2598) Chess.com INT 2022 1-0}) 4. e3 Bb4 5. Nge2 {[#]} c5
$146 ({Predecessor:} 5... Nf6 6. h3 Nc6 7. g4 O-O 8. a3 Bxc3+ 9. Nxc3 h6 10. g5
hxg5 11. Bxg5 e5 12. dxe5 Nxe5 13. Bxf6 Qxf6 14. Bg2 d4 15. Nd5 Qd6 16. Qh5
dxe3 17. O-O-O exf2 18. Be4 g6 19. Qg5 f6 20. Qh6 Kf7 21. Nf4 Qe7 22. Bxg6+
Nxg6 23. Nxg6 Qc5 24. Nxf8 Qxf8 25. Qh5+ Ke7 26. Qe2+ Be6 27. Qxf2 Rd8 28. Qc5+
Rd6 29. Qxc7+ Rd7 30. Rxd7+ Bxd7 31. Re1+ {1-0 (31) Gramajo,F (1395)-Pipac,D 
(1231) FICGS email 2012}) 6. a3 Bxc3+ 7. Nxc3 cxd4 8. Qxd4 Nf6 9. Be2 Nc6 10.
Qa4 Bd7 11. O-O O-O 12. Rad1 Na5 13. Qb4 b6 14. e4 Nc6 15. Qb3 Na5 16. Qb4 Nc6
17. Qb3 Na5 18. Qb4 Nc6 1/2-1/2

[Event "2022 PHCC Championships"]
[Site "Port Huron"]
[Date "2022.03.24"]
[Round "9"]
[White "Avdic, Huso"]
[Black "Klaty, Trenton"]
[Result "1-0"]
[WhiteElo "2092"]
[BlackElo "1171"]
[PlyCount "89"]
[EventDate "2022.03.24"]
[EventType "tourn"]
[EventRounds "9"]

{[%evp 0,89,18,-14,-16,-23,-10,-3,45,9,26,35,8,17,21,21,30,41,137,112,105,108,
162,67,143,151,135,134,133,153,170,135,136,131,105,127,127,147,147,133,127,165,
141,142,127,132,181,117,283,164,226,176,162,156,159,75,100,100,100,107,110,110,
546,107,159,92,95,56,104,50,72,43,127,111,208,266,292,300,298,150,297,244,432,
263,291,291,291,240,29991,29992,29993,29994]} 1. c4 e6 2. Nc3 d5 3. d4 c5 4.
cxd5 exd5 5. Nf3 Nc6 6. g3 Nf6 7. Bg2 Bd6 ({Relevant:} 7... cxd4 8. Nxd4 Bc5 9.
Nb3 Bb6 10. O-O d4 11. Na4 O-O 12. Bg5 h6 13. Nxb6 axb6 14. Bxc6 bxc6 15. Bxf6
Qxf6 16. Qxd4 Rd8 17. Qxf6 gxf6 18. Rfd1 Rxd1+ 19. Rxd1 Be6 20. Nc1 Bxa2 21.
Nxa2 Rxa2 22. Rd6 Kg7 23. Rxc6 Rxb2 {1/2-1/2 (23) Karjakin,S (2743)-Dubov,D 
(2720) Wijk aan Zee 2022}) 8. O-O Bd7 9. Bg5 Be6 {[#]} 10. e4 $146 ({
Predecessor:} 10. Bxf6 Qxf6 11. dxc5 Bxc5 12. Nxd5 Bxd5 13. Qxd5 Be7 14. Qb5
Rb8 15. Ne5 O-O 16. Nd7 Qd6 17. Nxf8 Bxf8 18. Rfd1 Qc7 19. Rac1 a6 20. Qc4 Qb6
21. Bxc6 bxc6 22. b3 c5 23. Rd7 Qf6 24. Qf4 {1-0 (24) Mikhalevski,V (2565)
-Rohlfing,D Chess.com INT 2020}) 10... Nxd4 11. exd5 Bg4 12. Qe1+ Kf8 13. Nxd4
cxd4 14. Ne4 Be7 15. d6 Bxd6 16. Nxf6 gxf6 17. Bh6+ Kg8 18. Qe4 Be6 19. Qxd4
Bf8 20. Qh4 Bg7 21. Rad1 Qa5 22. b4 Qb5 23. a4 Qe5 24. Rfe1 Qf5 25. Rd4 Bxh6
26. Qxh6 Qg5 27. Qh4 Rb8 28. Qe4 Kg7 29. h4 Qg6 30. Qf4 b5 31. a5 Rhc8 32. Be4
Qh6 33. Qf3 Rc1 34. Rxc1 Qxc1+ 35. Kh2 Qc8 36. Qh5 f5 37. Qg5+ Kh8 38. Qf6+ Kg8
39. Bf3 Qc2 40. Kg2 Qb3 41. h5 h6 42. Qxh6 Qc3 43. Qf6 Qc8 44. h6 Qf8 45. h7+
1-0